Komisionárska zmluva - typická obchodná zmluva

Gespeichert in:
Bibliographische Detailangaben
1. Verfasser: Válková, Katarína
Format: Buchkapitel
Sprache:Slowakisch
Tags: Tag hinzufügen
Keine Tags, Fügen Sie das erste Tag hinzu!

MARC

LEADER 00000naa$a2200000$$$4500
001 0065513
005 20240502071756.4
041 0 |a slo 
044 |a SK 
245 1 0 |a Komisionárska zmluva - typická obchodná zmluva  |c Katarína Válková 
100 1 |a Válková, Katarína